The Ghana law of evidence / (Record no. 1255)
[ view plain ]
| 000 -LEADER | |
|---|---|
| fixed length control field | 00542nam a2200181 a 4500 |
| 001 - CONTROL NUMBER | |
| control field | 2092658 |
| 005 - DATE AND TIME OF LATEST TRANSACTION | |
| control field | 20241115173135.0 |
| 008 - FIXED-LENGTH DATA ELEMENTS--GENERAL INFORMATION | |
| fixed length control field | 950215s1993 gh b 001 0 eng |
| 020 ## - INTERNATIONAL STANDARD BOOK NUMBER | |
| International Standard Book Number | 9964502435 |
| 050 00 - LIBRARY OF CONGRESS CALL NUMBER | |
| Classification number | KRX3542 |
| Item number | .O38 1993 OFO |
| 082 00 - DEWEY DECIMAL CLASSIFICATION NUMBER | |
| Classification number | 347.667/06 |
| -- | 346.67076 |
| Edition information | 20 |
| 100 2# - MAIN ENTRY--PERSONAL NAME | |
| Personal name | Ofori-Boateng, J. |
| Fuller form of name | (Josiah), |
| Dates associated with a name | 1931- |
| 245 14 - TITLE STATEMENT | |
| Title | The Ghana law of evidence / |
| Statement of responsibility, etc. | by J. Ofori-Boateng. |
| 260 ## - PUBLICATION, DISTRIBUTION, ETC. | |
| Place of publication, distribution, etc. | Accra : |
| Name of publisher, distributor, etc. | Waterville Pub. House, |
| Date of publication, distribution, etc. | 1993. |
| 300 ## - PHYSICAL DESCRIPTION | |
| Extent | xxiii, 366 p. ; |
| Dimensions | 22 cm. |
| 650 #0 - SUBJECT ADDED ENTRY--TOPICAL TERM | |
| Topical term or geographic name entry element | Evidence (Law) |
| Geographic subdivision | Ghana. |
| 942 ## - ADDED ENTRY ELEMENTS (KOHA) | |
| Source of classification or shelving scheme | Library of Congress Classification |
| Koha item type | Books |
| Suppress in OPAC | No |
| 999 ## - | |
| -- | 1255 |
| -- | 1255 |
| Withdrawn status | Lost status | Source of classification or shelving scheme | Damaged status | Not for loan | Collection | Home library | Current library | Shelving location | Date acquired | Total checkouts | Barcode | Date last seen | Price effective from | Koha item type |
|---|---|---|---|---|---|---|---|---|---|---|---|---|---|---|
| Library of Congress Classification | Non-fiction | Law Library (Christ Temple) | Law Library (Christ Temple) | General stacks | 11/15/2024 | llct00000034 | 11/15/2024 | 11/15/2024 | Books | |||||
| Library of Congress Classification | Non-fiction | Law Library (Christ Temple) | Law Library (Christ Temple) | General stacks | 11/15/2024 | llct00000035 | 11/15/2024 | 11/15/2024 | Books |